000 00325nam a22001457a 4500
008 210429b ||||| |||| 00| 0 eng d
020 _a9780872205123
041 _aeng
080 _a32
082 _a32
100 _a19
101 _aSHP
245 _aClassical Political Thought
_cPeter J. Steinberger
942 _2udc
_cBK
999 _c57002
_d57002